| 000 | 00938nas a2200313 4500 | ||
|---|---|---|---|
| 001 | BR9104390 | ||
| 003 | BR-BrBNA | ||
| 005 | 20231205092202.0 | ||
| 007 | ta | ||
| 008 | 230509b bl.|||p| |||| 00| 00por d | ||
| 040 |
_aBR-BrBNA _bpor _cBiblioteca Nacional de Agricultura |
||
| 041 | _a(Pt) | ||
| 072 | _aL73 | ||
| 100 | 1 | _aCunha, R.G. | |
| 100 | 1 | _aSouza, D.M. de | |
| 100 | 1 | _aTeixeira, A.C. | |
| 245 | 1 | _aIncidencia de anticorpos para o virus da lingua azul em soros de caprinos e ovinos do estado do Rio de Janeiro | |
| 650 | _aCAPRINO | ||
| 650 | _aOVINO | ||
| 650 | _aDOENCA ANIMAL | ||
| 650 | _aVIRUS | ||
| 650 | _aLINGUA AZUL | ||
| 650 | _aANTICORPO | ||
| 650 | _aEPIDEMIOLOGIA | ||
| 650 | _aRIO DE JANEIRO | ||
| 773 | 0 |
_tArquivos Fluminenses de Medicina Veterinaria (Brazil) _xISSN 0102-7794 _g(Apr-Jun 1988), v. 3(2) p. 53-56 _wBR9104390 |
|
| 909 |
_a202311 _bLúcia _c55 _dLúcia Elande |
||
| 942 |
_2AGRIS _n0 _cANA |
||
| 999 |
_c129943 _d129943 |
||